01748nam a2200181Ia 4500001001300000003001000013008004100023040002500064041000700089100003300096245006400129250001100193260003300204300001200237500122300249650005001472700004401522b5896-40518 IT-MiCISF161014s9999||||xx |||||||||||||| ||und|| aIT-MiCISFcIT-MiCISF ait aMaggiolini Alfio (a cura di) 0aManuale di psicologia dell'adolescenza: compiti e conflitti a1a ed. a MilanobFranco Angelic2004 app. 364 aCristiani C., Giacobbi S., Miscioscia D., Piotti A., Leonelli Langer L., Campari E., Pietropolli Charmet G., Riva E., Rosci E., Maggiolini A., Saottini C., Lancinini M., Bignamini S., Comazzi D., Franzoni N., Giori F., Rivolta S., Trionfi C. / adolescenza, psicologia, massmedia, corpo, identità-sessuale, famiglia, gruppo-di-pari, scuola, disturbi-alimentazione, adolescente-con-figli / Come avviene oggi il cambiamento adolescenziale? Il modo in cui l'adolescente affronta questa fase del suo sviluppo è universale o storicamente determinato? In questo manuale si illustrano le aree dello sviluppo e le principali difficoltà che gli adolescenti incontrano nel loro percorso di crescita. I disturbi alimentari, il rapporto con le droghe, i comportamenti antisociali o autolesivi, sono trattati in una prospettiva evolutiva, con indicazioni sul modo in cui gli psicologi possono aiutare gli adolescenti. Il volume si propone non solo come manuale per gli studenti di psicologia e di scienze dell'educazione, ma anche come testo di riferimento per psicologi, psicoterapeuti, insegnanti, educatori, assistenti sociali e genitori, che possono trovarvi informazioni utili a sostenerli nell'esercizio del loro ruolo. a Adolescenti e giovani / età-evolutivae009 aPietropolli Charmet Gustavo (a cura di)